Memoria / (Record no. 182878)
[ view plain ]
| 000 -CABECERA | |
|---|---|
| campo de control de longitud fija | 00578nam a2200157Ia 4500 |
| 001 - NÚMERO DE CONTROL | |
| campo de control | IA_3607,03/08/2007,03/08/2007,0000001999 mx 0000000000spa00," |
| 008 - DATOS DE LONGITUD FIJA--INFORMACIÓN GENERAL | |
| campo de control de longitud fija | 220117s xx 000 0 und d |
| 010 ## - NÚMERO DE CONTROL DE LA BIBLIOTECA DEL CONGRESO | |
| Número de control de LC | 182878 |
| 082 ## - NÚMERO DE LA CLASIFICACIÓN DECIMAL DEWEY | |
| Número de clasificación | 338.19 F67 |
| 111 ## - ENTRADA PRINCIPAL--NOMBRE DE CONGRESO/REUNIÓN | |
| Nombre de congreso/reunión o jurisdicción como elemento de entrada | Foros de seguridad y soberania alimentaria |
| 9 (RLIN) | 154997 |
| 245 ## - MENCIÓN DE TÍTULO | |
| Título | Memoria / |
| Mención de responsabilidad, etc. | Organizada por Inocencio Higuera Ciapara y Alfonso Larque Saavedra |
| 260 ## - PUBLICACIÓN, DISTRIBUCIÓN, ETC. | |
| Lugar de publicación, distribución, etc. | México : |
| Nombre del editor, distribuidor, etc. | Academia Mexicana de Ciencias, |
| 300 ## - DESCRIPCIÓN FÍSICA | |
| Extensión | 382 p. |
| 500 ## - NOTA GENERAL | |
| Nota general | C/e |
| 650 ## - PUNTO DE ACCESO ADICIONAL DE MATERIA--TÉRMINO DE MATERIA | |
| Término de materia o nombre geográfico como elemento de entrada | Alimentos |
| Subdivisión general | Abastecimiento |
| -- | México |
| 9 (RLIN) | 4132 |
No items available.
